Регионална библиотека "Любен Каравелов" - Русе

Балкански приказки (Запис номер 123416)

MARC детайли
000 -Лидер
Контролно поле с фиксирана дължина 01292nam a2200301 c 4500
003 - Код на организацията, давaща контролен номер
Контролно поле BLK
005 - Дата и час на последна редакция
Контролно поле 20180422110927.0
008 - Елементи от данни с фиксирана дължина
fixed length control field 180409b bul|||||r ||||||| ||bul||
010 ## - Наследен системен номер
LC control number KNG00129076000
040 ## - Източник на каталожния запис
Идентификатор на билиотеката - собственик на записа BLK
041 ## - Код за език
Код за езика на текст/звукозапис или на отделно заглавие Български
Код за езика КДБФ Български
080 ## - УДК
Текстов определител УДК Литература на отделни езици и езикови семейства
УДК код - определител по УДК 821
УДК определител -93-34
УДК - код + определител 821-93-34
080 ## - УДК
Текстов определител УДК Българска литература
УДК код - определител по УДК 821.163.2
УДК определител -93-34
УДК - код + определител 821.163.2-93-34
139 ## - Редно поле
Редна дума Балкански приказки
Авторски знак Балк - Б 23
245 10 - Сведения за заглавието
Заглавие Балкански приказки
Редно поле (дума) ред. Христиана Василева; нарис. Радослав Радославов Маринов.
257 ## - Страна на издаване
Страна на създаване/издаване България
260 ## - Област на издателските данни
-- София
Име на издателя, разпространителя и проч. Нар. младеж
Година на издаване 1968
Печатница София : Балкан
300 ## - Физическа характеристика
Страници 148 с.
Илюстрации и др. с ил.
Размери/Мащаб 18 см
380 ## - Жанр
Жанр Детска худож. лит.
500 ## - Общи забележки
Забележка 100 000 тир.
700 1# - Други автори (авторска отговорност)
Лично име Василева, Христиана
Автороска отговорност (Описва отношението между автора и произведението) ред.
9 (RLIN) 376378
700 1# - Други автори (авторска отговорност)
Лично име Маринов, Радослав Радославов
Автороска отговорност (Описва отношението между автора и произведението) нарис.
9 (RLIN) 376957
852 ## - Местоположение
Форматна сигнатура Цб І 34242
856 4# - Електронен адрес и достъп
Електронен формат pdf - файл
Път до файла /url/
856 4# - Електронен адрес и достъп
Електронен формат pdf - файл
Път до файла /url/
942 ## - АРТИКУЛИ
Вид на библиотечния материал Книги
Скрит в OPAC Не
944 ## - СЪЗДАВАНЕ И РЕДАКЦИЯ на ЗАПИСА
Създаване/Редакция Създаване
Дата на регистрацията/редакция 20.03.2012
Статус, дата на статуса 20.03.2012 - от С1,Р / 20.03.2012
Служител, извършил регистрацията/редакцията Елица_Владова
944 ## - СЪЗДАВАНЕ И РЕДАКЦИЯ на ЗАПИСА
Създаване/Редакция Редакция
Дата на регистрацията/редакция 26.09.2017
Статус, дата на статуса 20.03.2012 - от С1,Р / 20.03.2012
Служител, извършил регистрацията/редакцията Севдалина_Василева
999 ## - СИСТЕМНИ КОНТРОЛНИ НОМЕРА
Koha biblionumber 123416
Koha biblioitemnumber 123416
Наличности
Код за отписване Код за изгубен артикул Източник на класификационната схема Код за повреда Коз за рестрикции Код за отдаване Артикулен № Име на библиотеката - собственик Име на библиотеката, в която се намира в момента Статус (Текущо местоположение) Дата на вписване в системата Местоположение - отдел Цена в лева Инвентарен номер Систематично азбучна сигнатура Баркод Номер на екземпляра Цена в евро Служебна бележка Служебен тип на артикула Бележка за публиката
  Не е изгубен Universal Decimal Classification Не е повреден без рестрикции ползва се в читалня 199796 Регионална библиотека "Любен Каравелов" Русе Регионална библиотека "Любен Каравелов" Русе Хранилище 1968-01-01 Хранилище 0.77 14626/68 Цб І 34242 900000022625 1 0.39 N: стар фонд Дата: 01.01.1968 Книги  
Изтеглен Не е изгубен   Не е повреден без рестрикции заемане за дома 199797 Регионална библиотека "Любен Каравелов" Русе Регионална библиотека "Любен Каравелов" Русе   1968-01-01 Детски отдел 0.77 15241/68 ДХ 820/899/Б 23 15241/68 2 0.39 N: стар фонд Дата: 01.01.1968 Дата инв: 18.09.2015 Бележки инв: Д2015 Книги Отч.N: 49/17 , Дата: 09.10.2017
Изтеглен Не е изгубен   Не е повреден без рестрикции заемане за дома 199798 Регионална библиотека "Любен Каравелов" Русе Регионална библиотека "Любен Каравелов" Русе Детски отдел 1968-01-01 Детски отдел 0.77 15242/68 ДХ 820/899/Б 23 15242/68 3 0.39 N: стар фонд Дата: 01.01.1968 Дата инв: 18.09.2015 Бележки инв: Д2015 Книги  
Изтеглен Не е изгубен   Не е повреден без рестрикции заемане за дома 199799 Регионална библиотека "Любен Каравелов" Русе Регионална библиотека "Любен Каравелов" Русе   1968-01-01 Детски отдел 0.77 629593 ДХ 820/899/Б 23 629593 4 0.39 N: стар фонд Дата: 01.01.1968 Дата инв: 18.09.2015 Бележки инв: Д2015 Книги Отч.N: 39/2017 , Дата: 07.09.2017
Vip Innovations Ltd, Rousse, Bulgaria 2025